<?xml version="1.0" encoding="UTF-8"?><?xml-stylesheet type="text/xsl" href="static/style.xsl"?><OAI-PMH xmlns="http://www.openarchives.org/OAI/2.0/" xmlns:xsi="http://www.w3.org/2001/XMLSchema-instance" xsi:schemaLocation="http://www.openarchives.org/OAI/2.0/ http://www.openarchives.org/OAI/2.0/OAI-PMH.xsd"><responseDate>2026-04-17T07:57:42Z</responseDate><request verb="GetRecord" identifier="oai:www.recercat.cat:11351/13150" metadataPrefix="marc">https://recercat.cat/oai/request</request><GetRecord><record><header><identifier>oai:recercat.cat:11351/13150</identifier><datestamp>2025-10-24T10:30:12Z</datestamp><setSpec>com_2072_378070</setSpec><setSpec>com_2072_378040</setSpec><setSpec>col_2072_378092</setSpec></header><metadata><record xmlns="http://www.loc.gov/MARC21/slim" xmlns:dcterms="http://purl.org/dc/terms/" xmlns:xsi="http://www.w3.org/2001/XMLSchema-instance" xmlns:doc="http://www.lyncode.com/xoai" xsi:schemaLocation="http://www.loc.gov/MARC21/slim http://www.loc.gov/standards/marcxml/schema/MARC21slim.xsd">
   <leader>00925njm 22002777a 4500</leader>
   <datafield ind2=" " ind1=" " tag="042">
      <subfield code="a">dc</subfield>
   </datafield>
   <datafield ind2=" " ind1=" " tag="720">
      <subfield code="a">Martín-Hernández, Elena</subfield>
      <subfield code="e">author</subfield>
   </datafield>
   <datafield ind2=" " ind1=" " tag="720">
      <subfield code="a">Bellusci, Marcello</subfield>
      <subfield code="e">author</subfield>
   </datafield>
   <datafield ind2=" " ind1=" " tag="720">
      <subfield code="a">Pérez-Mohand, Patricia</subfield>
      <subfield code="e">author</subfield>
   </datafield>
   <datafield ind2=" " ind1=" " tag="720">
      <subfield code="a">Moráis-López, Ana</subfield>
      <subfield code="e">author</subfield>
   </datafield>
   <datafield ind2=" " ind1=" " tag="720">
      <subfield code="a">Camprodon Gomez, Maria</subfield>
      <subfield code="e">author</subfield>
   </datafield>
   <datafield ind2=" " ind1=" " tag="720">
      <subfield code="a">Correcher, Patricia</subfield>
      <subfield code="e">author</subfield>
   </datafield>
   <datafield ind2=" " ind1=" " tag="720">
      <subfield code="a">blasco-alonso, javier</subfield>
      <subfield code="e">author</subfield>
   </datafield>
   <datafield ind2=" " ind1=" " tag="720">
      <subfield code="a">Dougherty-de Miguel, Lucia</subfield>
      <subfield code="e">author</subfield>
   </datafield>
   <datafield ind2=" " ind1=" " tag="720">
      <subfield code="a">del Toro, Mireia</subfield>
      <subfield code="e">author</subfield>
   </datafield>
   <datafield ind2=" " ind1=" " tag="720">
      <subfield code="a">Felipe-Rucian, Ana</subfield>
      <subfield code="e">author</subfield>
   </datafield>
   <datafield ind2=" " ind1=" " tag="260">
      <subfield code="c">2025-05-27T06:54:46Z</subfield>
   </datafield>
   <datafield ind2=" " ind1=" " tag="260">
      <subfield code="c">2025-05-27T06:54:46Z</subfield>
   </datafield>
   <datafield ind2=" " ind1=" " tag="260">
      <subfield code="c">2025-04</subfield>
   </datafield>
   <datafield ind2=" " ind1=" " tag="520">
      <subfield code="a">N-acetylglutamate synthase; Arginase 1; Urea cycle disorders</subfield>
   </datafield>
   <datafield ind2=" " ind1=" " tag="520">
      <subfield code="a">N-acetilglutamat sintasa; Arginasa 1; Trastorns del cicle de la urea</subfield>
   </datafield>
   <datafield ind2=" " ind1=" " tag="520">
      <subfield code="a">N-acetilglutamato sintasa; Arginasa 1; Trastornos del ciclo de la urea</subfield>
   </datafield>
   <datafield ind2=" " ind1=" " tag="520">
      <subfield code="a">Background/Objectives: The present study updates the Spanish registry of patients with urea cycle disorders (UCD), originally established in 2013, to provide comprehensive epidemiological data and evaluate the impact of therapeutic strategies and newborn screening (NBS) on clinical outcomes. Methods: This retrospective, multicenter study focuses on 255 Spanish UCD patients. It includes all living and deceased cases up to February 2024, analyzing demographic, clinical, and biochemical variables. Results: The incidence of UCD in Spain over the past decade was 1:36,063 births. The most common defects were ornithine transcarbamylase deficiency (OTCD) and argininosuccinate synthetase deficiency. Early-onset (EO) cases comprised 32.7%, and 10.6% were diagnosed through NBS. Global mortality was 14.9%, higher in carbamoylphosphate synthetase 1 deficiency (36.8%) and male OTCD patients (32.1%) compared to other defects (p = 0.013). EO cases presented a higher mortality rate (35.8%) than late-onset (LO) cases (7.1%) (p &lt; 0.0001). The median ammonia level in deceased patients was higher at 1058 µmol/L (IQR 410–1793) than in survivors at 294 µmol/L (IQR 71–494) (p &lt; 0.0001). Diagnosis through NBS improved survival and reduced neurological impairment compared to symptomatic diagnosis. Neurological impairment occurred in 44% of patients, with worse neurological outcomes observed in patients with argininosuccinate lyase deficiency, arginase 1 deficiency, hyperornithinemia-hyperammonemia-homocitrullinuria, EO presentations, pre-2014 diagnosis, and patients with higher levels of ammonia at diagnosis. Among transplanted patients (20.6%), survival was 95.2%, with no significant neurological differences compared to non-transplanted patients. Conclusions: This updated analysis highlights the positive impact of NBS and advanced treatments on mortality and neurologic outcomes. Persistent neurological challenges underscore the need for further therapeutic strategies.</subfield>
   </datafield>
   <datafield ind2=" " ind1=" " tag="520">
      <subfield code="a">This research was partially funded by Lucane SL and Immedica Pharma Spain. Medical writing support was funded by Immedica Pharma Spain.</subfield>
   </datafield>
   <datafield ind1="8" ind2=" " tag="024">
      <subfield code="a">http://hdl.handle.net/11351/13150</subfield>
   </datafield>
   <datafield tag="653" ind2=" " ind1=" ">
      <subfield code="a">Metabolisme, Errors congènits del - Tractament</subfield>
   </datafield>
   <datafield tag="653" ind2=" " ind1=" ">
      <subfield code="a">Metabolisme, Errors congènits del - Diagnòstic</subfield>
   </datafield>
   <datafield tag="653" ind2=" " ind1=" ">
      <subfield code="a">Cribatge (Medicina)</subfield>
   </datafield>
   <datafield tag="653" ind2=" " ind1=" ">
      <subfield code="a">Registres hospitalaris</subfield>
   </datafield>
   <datafield tag="653" ind2=" " ind1=" ">
      <subfield code="a">ANALYTICAL, DIAGNOSTIC AND THERAPEUTIC TECHNIQUES, AND EQUIPMENT::Diagnosis::Diagnostic Techniques and Procedures::Clinical Laboratory Techniques::Neonatal Screening</subfield>
   </datafield>
   <datafield tag="653" ind2=" " ind1=" ">
      <subfield code="a">DISEASES::Congenital, Hereditary, and Neonatal Diseases and Abnormalities::Genetic Diseases, Inborn::Metabolism, Inborn Errors::Amino Acid Metabolism, Inborn Errors::Congenital, Hereditary, and Neonatal Diseases and Abnormalities::Genetic Diseases, Inborn::Metabolism, Inborn Errors::Urea Cycle Disorders, Inborn</subfield>
   </datafield>
   <datafield tag="653" ind2=" " ind1=" ">
      <subfield code="a">Other subheadings::Other subheadings::/therapy</subfield>
   </datafield>
   <datafield tag="653" ind2=" " ind1=" ">
      <subfield code="a">ANALYTICAL, DIAGNOSTIC AND THERAPEUTIC TECHNIQUES, AND EQUIPMENT::Investigative Techniques::Epidemiologic Methods::Data Collection::Registries</subfield>
   </datafield>
   <datafield tag="653" ind2=" " ind1=" ">
      <subfield code="a">TÉCNICAS Y EQUIPOS ANALÍTICOS, DIAGNÓSTICOS Y TERAPÉUTICOS::diagnóstico::técnicas y procedimientos diagnósticos::técnicas de laboratorio clínico::cribado neonatal</subfield>
   </datafield>
   <datafield tag="653" ind2=" " ind1=" ">
      <subfield code="a">ENFERMEDADES::enfermedades y anomalías neonatales congénitas y hereditarias::enfermedades genéticas congénitas::alteraciones congénitas del metabolismo::alteraciones congénitas del metabolismo de los aminoácidos::enfermedades y anomalías neonatales congénitas y hereditarias::enfermedades genéticas congénitas::alteraciones congénitas del metabolismo::trastornos congénitos del ciclo de la urea</subfield>
   </datafield>
   <datafield tag="653" ind2=" " ind1=" ">
      <subfield code="a">Otros calificadores::Otros calificadores::/terapia</subfield>
   </datafield>
   <datafield tag="653" ind2=" " ind1=" ">
      <subfield code="a">TÉCNICAS Y EQUIPOS ANALÍTICOS, DIAGNÓSTICOS Y TERAPÉUTICOS::técnicas de investigación::métodos epidemiológicos::recopilación de datos::registros</subfield>
   </datafield>
   <datafield ind2="0" ind1="0" tag="245">
      <subfield code="a">Understanding the Natural History and the Effects of Current Therapeutic Strategies on Urea Cycle Disorders: Insights from the UCD Spanish Registry</subfield>
   </datafield>
</record></metadata></record></GetRecord></OAI-PMH>